000 00335nam a22001457a 4500
008 210312b ||||| |||| 00| 0 eng d
020 _a9780072868920
041 _aeng
080 _29th
_a330.101.541
082 _29
_a330.101.541
100 _a52
101 _aMAKRO
245 _aThe Economy Today
_cSchiller,R.B
942 _2udc
_cBK
999 _c56608
_d56608